• 首页
  • 本馆介绍
  • 公告通知
  • 最新文献
  • 馆藏检索
  • 电子资源
  • 读者导购
  • 参考咨询
  • 我的图书馆
  • 登录
  • 详细信息显示
  • 放入我的书架
  • 预约/预借图书
  • 作者相关作品
  • 分类相关作品
  • 丛书相关作品
  • 出版社相关作品

书目信息

  • 表格格式
  • 工作单格式
  • 卡片格式
题名:
活塞发动机飞机结构与系统
    
 
作者: 郝劲松 , 刘峰 主编
分册:  
出版信息: 北京   清华大学出版社  2015.12
页数: 14, 310页
开本: 26cm
丛书名:
单 册:
中图分类: V271
科图分类:
主题词: 活塞式发动机--huo sai shi fa dong ji--民用飞机--飞机构件--教材 , 活塞式发动机--huo sai shi fa dong ji--民用飞机--飞机系统--教材
电子资源:
ISBN: 978-7-302-41621-0
000 01134nam0 2200277 450
001 2035991046
005 20201122103233.55
010    @a978-7-302-41621-0@dCNY58.00
100    @a20150920e20192015em y0chiy50 ea
101 0  @achi
102    @aCN@b110000
105    @aa z 000yy
106    @ar
200 1  @a活塞发动机飞机结构与系统@9huo sai fa dong ji fei ji jie gou yu xi tong@dPiston engine aircraft structure and systems@eME-PA@f郝劲松, 刘峰主编@zeng
205    @a2版
210    @a北京@c清华大学出版社@d2015.12@h2019.01
215    @a14, 310页@c图@d26cm
330    @a本书的内容包括活塞发动机飞机的结构和各工作系统,在介绍飞机结构和系统的基本组成、工作原理的基础上,着重介绍日常维护和检查工作要点,以及部分特殊维护项目的基本实施方法。
510 1  @aPiston engine aircraft structure and systems@zeng
606 0  @a活塞式发动机@9huo sai shi fa dong ji@x民用飞机@x飞机构件@j教材
606 0  @a活塞式发动机@9huo sai shi fa dong ji@x民用飞机@x飞机系统@j教材
690    @aV271@v5
701  0 @a郝劲松@9hao jin song@4主编
701  0 @a刘峰@9liu feng@4主编
801  0 @aCN@bBJSZM@c20201120
905    @b1245517-20@dV271@e63=2@f4
    
    活塞发动机飞机结构与系统=Piston engine aircraft structure and systems:ME-PA/郝劲松, 刘峰主编.-2版.-北京:清华大学出版社,2015.12(2019.01)
    14, 310页:图;26cm
    
    
    ISBN 978-7-302-41621-0:CNY58.00
    本书的内容包括活塞发动机飞机的结构和各工作系统,在介绍飞机结构和系统的基本组成、工作原理的基础上,着重介绍日常维护和检查工作要点,以及部分特殊维护项目的基本实施方法。
●
相关链接 在E读中查询图书 在五车中查询图书 在当当中查询图书 在豆瓣中查询图书


正题名:活塞发动机飞机结构与系统     索取号:V271/63=2         预约/预借

序号 登录号 条形码 馆藏地/架位号 状态 备注
1 1245517   212455172   第二样本阅览室/ [索取号:V271/63=2] 在馆    
2 1245518   212455181   第三借阅区/ [索取号:V271/63=2] 在馆    
3 1245519   212455190   第三借阅区/ [索取号:V271/63=2] 在馆    
4 1245520   212455207   第三借阅区/ [索取号:V271/63=2] 在馆    
唐山师范学院图书馆 欢迎您!
大连网信软件有限公司© 版权所有